ISTILAH pentadbiran dan pengurusan : Ingeris-Malaysia-Inggeris
| Format: | Book |
|---|---|
| Published: |
Kuala Lumpur :
DBP ,
1976
|
| Subjects: |
MARC
| LEADER | 00000cam a2200000 7i4500 | ||
|---|---|---|---|
| 001 | 0000000759 | ||
| 005 | 20000930.0 | ||
| 090 | 0 | 0 | |a MR658.0014 |b IST 1976 |
| 245 | 0 | 0 | |a ISTILAH pentadbiran dan pengurusan : |b Ingeris-Malaysia-Inggeris |
| 260 | 0 | 0 | |a Kuala Lumpur : |b DBP , |c 1976 |
| 300 | |a xvii, 371 p. ; |c 19 cm. | ||
| 650 | 0 | 0 | |a Management |x Terminology |
| 650 | 0 | 0 | |a Management |x Terms and phrases |
| 999 | |a 0000001810 |b Monograph |c Reference |e Default branch | ||